000
00259nam a22001217a 4500
008
181219b xxu||||| |||| 00| 0 eng d
041
_a
eng
080
_a
721
100
_a
44
101
_a
ARK
245
_a
Architecture Digest
_c
Barton..S
942
_2
udc
_c
BK
999
_c
53504
_d
53504